| 000 | 00503nam a2200181Ia 4500 | ||
|---|---|---|---|
| 999 |
_c1329 _d1329 |
||
| 003 | OSt | ||
| 005 | 20200925102455.0 | ||
| 008 | 190216s9999||||xx |||||||||||||| ||und|| | ||
| 040 | _coclc | ||
| 082 |
_a576.5 _bGAR/P |
||
| 100 |
_aGardner, Eldon John _94920 |
||
| 245 | 0 |
_aPrinciples Of Genetics / _cEldon J Gardner |
|
| 250 | _a2nd Ed. | ||
| 260 |
_bWiley Eastern Ltd, _c1972. _aNew Delhi: |
||
| 300 | _a518p | ||
| 650 | _aBotany | ||
| 942 |
_cBK _2ddc _h576.5 _iGAR/P _k576.5 _mGAR/P |
||